Circular Bioeconomics: Conceptual Aspects

Prechod na obehové hospodárstvo a jeho výhody. Obehové biohospodárstvo a zmierňovanie klimatických zmien. Ekonomický pokrok a zhoršovanie životného prostredia. Cirkulárna bioekonomika a ochrana životného prostredia.

Salvato in:
Dettagli Bibliografici
Autore principale: Yessenbekova, Zhibek
Altri autori: Turezhanov, Seitkaliy
Natura: Capitolo di libro
Lingua:inglese
Soggetti:
Tags: Aggiungi Tag
Nessun Tag, puoi essere il primo ad aggiungerne!!

MARC

LEADER 00000naa a2200000 4500
001 0287181
005 20220808123704.7
041 0 |a eng 
044 |a UA 
245 1 0 |a Circular Bioeconomics: Conceptual Aspects  |c Zhibek Yessenbekova, Seitkaliy Turezhanov 
520 |a Prechod na obehové hospodárstvo a jeho výhody. Obehové biohospodárstvo a zmierňovanie klimatických zmien. Ekonomický pokrok a zhoršovanie životného prostredia. Cirkulárna bioekonomika a ochrana životného prostredia. 
610 2 0 |a hospodárstvo obehové 
610 2 0 |a bioekonomika 
610 2 0 |a rast hospodársky 
610 2 0 |a ekonomika zelená 
610 2 0 |a zmeny klimatické 
610 2 0 |a udržateľnosť 
610 2 0 |a prostredie životné 
100 1 |a Yessenbekova, Zhibek 
700 1 |a Turezhanov, Seitkaliy